Statistics for NFL Players By Teams (Multiple Choice)

Click here to take the quiz!

General Stats

  • This quiz has been taken 140 times
  • The average score is 12 of 15

Answer Stats

QuestionAnswer% Correct
Tom BradyPatriots
97%
Aaron RodgersPackers
96%
Julio JonesFalcons
95%
Russel WilsonSeahawks
95%
Ben RoethlisbergerSteelers
94%
Calvin JohnsonLions
91%
Baker MayfieldBrowns
90%
Michael StrahanGiants
86%
Jim KelleyBills
82%
Jerome BettisSteelers
82%
Marvin HarrisonColts
76%
Jarvis LandryBrowns
73%
Ryan LeafChargers
68%
Kurt WarnerCardinals
42%
Jerry RiceBroncos
4%

Score Distribution

Percentile by Number Answered

Percent of People with Each Score

Your Score History

You have not taken this quiz